000 00430nam a2200157 i 4500
001 51681
003 ES-MaACL
005 20230906162417.0
007 t|
008 030814s1963 sp ||||1| spa d
100 1 _aChaterlon, Lis.
_938188
245 1 0 _aEn 1963 aún existe la trata de blancas /
_cLis Chaterlon.
260 _aBarcelona :
_bRodegar,
_c1963.
300 _a143 p. ;
_c21 cm.
852 _aES-MaACL
_jC-24870
_bR.53080
999 _c51681
_d51681